Statistics for Taylor Swift - evermore Lyrics

Click here to take the quiz!

General Stats

  • This quiz has been taken 82 times
    (53 since last reset)
  • The average score is 289 of 342

Answer Stats

Answer% Correct
a
100%
be
100%
Evermore
100%
evermore
100%
I
100%
me
100%
my
100%
you
100%
You
100%
an
96%
And
96%
for
96%
(I'm
96%
I'm
96%
pain
96%
that
96%
That
96%
the
96%
This
96%
this
96%
would
96%
been
93%
down
93%
feeling
93%
Gray
93%
I've
93%
July
93%
November
93%
since
93%
so
93%
breath
89%
catchin'
89%
had
89%
in
89%
In
89%
of
89%
Oh
89%
peculiar
89%
(To
89%
to
89%
To
89%
was
89%
when
89%
where
89%
wouldn't
89%
all
85%
(All
85%
could
85%
couldn't
85%
death
85%
light
85%
On
85%
on
85%
Put
85%
sure
85%
we
85%
What
85%
will
85%
December
81%
find
81%
footsteps
81%
Hey
81%
It
81%
it
81%
Motion
81%
step
81%
there
81%
think
81%
Trying
81%
again
78%
again)
78%
bad
78%
but
78%
But
78%
can
78%
(Can
78%
capture
78%
certain
78%
cross?
78%
cross?)
78%
get
78%
just
78%
lost
78%
out
78%
(Out
78%
tall
78%
things
78%
thought
78%
we'll
78%
(Can't
74%
Can't
74%
cost
74%
cost)
74%
days)
74%
days
74%
each
74%
is
74%
Is
74%
(Is
74%
not
74%
Or
74%
(Or
74%
pause?
74%
pause?)
74%
pause
74%
replay
74%
signals
74%
weather
74%
(Weather
74%
went
74%
window
74%
wrong
74%
crossed
70%
double
70%
fight
70%
frost
70%
frost)
70%
go
70%
Guess
70%
one
70%
remember
70%
unmoored
70%
used
70%
violence
70%
were
70%
dog
67%
dreamed
67%
fire
67%
letters
67%
line
67%
moment
67%
open
67%
Sending
67%
Starin'
67%
stepping
67%
stone
67%
Whether
67%
Writing
67%
being
63%
real
63%
through
63%
under
63%
Addressed
59%
does
59%
now)
59%
rewind
59%
very
59%
waves
59%
winter
59%
enough
56%
shipwrecked
56%
swear
56%
tape
56%
tossed
56%
tossed)
56%
wildest
56%
Barefoot
52%
cabin
52%
cracks
48%
creakin'
48%
Floors
48%
(If
41%

Score Distribution

Percentile by Number Answered

Percent of People with Each Score

Your Score History

You have not taken this quiz since the last reset